Women in southern Africa (Record no. 93051)
[ view plain ]
| 000 -LEADER | |
|---|---|
| fixed length control field | 00467nam a2200205Ia 4500 |
| 003 - CONTROL NUMBER IDENTIFIER | |
| control field | 0100 |
| 005 - DATE AND TIME OF LATEST TRANSACTION | |
| control field | 20190801123552.0 |
| 008 - FIXED-LENGTH DATA ELEMENTS--GENERAL INFORMATION | |
| fixed length control field | 130307s9999 xx 000 0 und d |
| 020 ## - INTERNATIONAL STANDARD BOOK NUMBER | |
| International Standard Book Number | 0850317452 |
| 040 ## - CATALOGING SOURCE | |
| Transcribing agency | ARRUPELIB |
| 050 ## - LIBRARY OF CONGRESS CALL NUMBER | |
| Classification number | HQ1800.W66 1987 |
| 300 ## - PHYSICAL DESCRIPTION | |
| Other physical details | 21cm. |
| 245 ## - TITLE STATEMENT | |
| Title | Women in southern Africa |
| 260 ## - PUBLICATION, DISTRIBUTION, ETC. (IMPRINT) | |
| Place of publication, distribution, etc | London |
| Name of publisher, distributor, etc | Allison and Busby |
| Date of publication, distribution, etc | 1987 |
| 300 ## - PHYSICAL DESCRIPTION | |
| Extent | 256p. |
| 650 ## - SUBJECT ADDED ENTRY--TOPICAL TERM | |
| Topical term or geographic name as entry element | Women |
| General subdivision | Social conditions |
| Geographic subdivision | Africa, Southern |
| 9 (RLIN) | 26983 |
| 650 ## - SUBJECT ADDED ENTRY--TOPICAL TERM | |
| Topical term or geographic name as entry element | Women |
| General subdivision | Biography |
| Geographic subdivision | Africa, Southern |
| 9 (RLIN) | 47731 |
| 650 ## - SUBJECT ADDED ENTRY--TOPICAL TERM | |
| Topical term or geographic name as entry element | Women in public life |
| Geographic subdivision | Africa, Southern |
| 9 (RLIN) | 47733 |
| 700 ## - ADDED ENTRY--PERSONAL NAME | |
| Personal name | Qunta, Christine N. (ed.) |
| 9 (RLIN) | 47732 |
| 942 00 - ADDED ENTRY ELEMENTS (KOHA) | |
| Koha issues (borrowed), all copies | 1 |
| Source of classification or shelving scheme | Library of Congress Classification |
| Koha item type | Monograph ( Printed materials) |
| Withdrawn status | Lost status | Source of classification or shelving scheme | Damaged status | Not for loan | Collection code | Home library | Current library | Shelving location | Date acquired | Total Checkouts | Full call number | Barcode | Date last seen | Date checked out | Copy number | Price effective from | Koha item type |
|---|---|---|---|---|---|---|---|---|---|---|---|---|---|---|---|---|---|
| Library of Congress Classification | Main Collection | ARRUPE LIBRARY | ARRUPE LIBRARY | 07/03/2013 | 3 | HQ1800.W66 1987 | 46003073948 | 22/10/2020 | 21/09/2020 | 1 | 07/03/2013 | Monograph ( Printed materials) |